Word Scramble - Asia Capitals - Statistics

General Stats
  • This quiz has been taken 327 times
  • The average score is 19 of 21
Answer Stats
City % Correct
Tokyo
100%
Baku
99%
Doha
99%
Dili
97%
Seoul
97%
Baghdad
96%
Dhaka
96%
Tbilisi
96%
Bangkok
95%
Amman
94%
Ankara
92%
Beijing
92%
Pyongyang
92%
Jakarta
91%
Kabul
91%
Malé
91%
Sana'a
91%
Hanoi
90%
Manila
90%
Astana
89%
Beirut
89%
Manama
89%
Ulaanbaatar
89%
Bishkek
88%
Muscat
88%
Riyadh
88%
Taipei
88%
Tehran
85%
Vientiane
85%
Damascus
83%
Jerusalem
83%
Thimphu
83%
Yerevan
83%
Kathmandu
82%
Ashgabat
81%
Tashkent
81%
Naypyidaw
80%
Islamabad
77%
Dushanbe
76%
Nicosia
76%
Singapore
70%
No matching quizzes found
Score Distribution
Percent of People with Each Score
Percentile by Number Answered
Your Score History
You have not taken this quiz